000 00309nam a22001457a 4500
008 210310b ||||| |||| 00| 0 eng d
020 _a9780393927719
041 _aeng
080 _a82
082 _a82
100 _a21
101 _aGJL
245 _aThe Pilgrim's Progress
_cBunyan,J
942 _2udc
_cBK
999 _c56222
_d56222